| Tag |
First Indicator |
Second Indicator |
Subfields |
| LEADER |
00000nam a2200000 4500 |
| 001 |
in00004173813 |
| 005 |
20200807083544.0 |
| 006 |
m g d |
| 007 |
cr bn |||a|bb| |
| 008 |
910305s1602 enk o 00| | eng d |
| 035 |
|
|
|a (UnM)99840814
|
| 037 |
|
|
|a CL0036000026
|b ProQuest. 789 E. Eisenhower Parkway, Ann Arbor, MI 48108-3218
|
| 040 |
|
|
|a Cu-RivES
|c Cu-RivES
|d CStRLIN
|e dcrb
|d WaOLN
|
| 100 |
1 |
|
|a Corrozet, Gilles,
|d 1510-1568.
|
| 240 |
1 |
0 |
|a Divers propos memorables des nobles & illustres hommes de la chrestienté.
|l English
|
| 245 |
1 |
0 |
|a Memorable conceits of diuers noble and famous personages of Christendome, of this our moderne time
|
| 246 |
2 |
|
|a Divers propos memorables des nobles & illustres hommes de la chrestienté.
|
| 246 |
2 |
|
|a Memorable conceits of divers noble and famous personages of Christendome, of this our moderne time.
|
| 260 |
|
|
|a London :
|b Printed [by Richard Field] for Iames Shaw,
|c 1602.
|
| 300 |
|
|
|a 1 online resource ([16], 396, 395-397, [5] pages)
|
| 336 |
|
|
|a text
|b txt
|2 rdacontent
|
| 337 |
|
|
|a computer
|b c
|2 rdamedia
|
| 338 |
|
|
|a online resource
|b cr
|2 rdacarrier
|
| 500 |
|
|
|a A translation of: Corrozet, Gilles. Divers propos memorables des nobles and illustres hommes de la chrestienté.
|
| 500 |
|
|
|a Printer's name from STC.
|
| 500 |
|
|
|a Includex index.
|
| 500 |
|
|
|a The last two leaves are blank except for ruled borders.
|
| 500 |
|
|
|a Reproduction of the original in the Folger Shakespeare Library.
|
| 510 |
4 |
|
|a STC (2nd edition)
|c 5795.
|
| 533 |
|
|
|a Electronic reproduction.
|b Ann Arbor, Mich. :
|c UMI,
|d 1999-
|f (Early English books online)
|n Digital version of: (Early English books, 1475-1640 ; 953:11)
|7 s1999 miun s
|
| 650 |
|
0 |
|a Anecdotes.
|
| 650 |
|
0 |
|a Conduct of life
|v Early works to 1900.
|
| 830 |
|
0 |
|a Early English books online.
|
| 856 |
4 |
0 |
|u http://proxy.library.tamu.edu/login?url=https://search.proquest.com/docview/2248579609
|z Connect to the full text of this electronic book
|t 0
|
| 999 |
f |
f |
|s ceb5a406-c789-312a-9cf9-df598e6a9aa3
|i c15b3f08-79e1-32d8-b34e-20c198ab9a34
|t 0
|
| 952 |
f |
f |
|a Texas A&M University
|b College Station
|c Electronic Resources
|d Available Online
|t 0
|h No information provided
|
| 998 |
f |
f |
|t 0
|l Available Online
|